00529nam a2200157Ia 4500008004000000082001700040100002100057245003800078260003100116300001100147650002400158690002700182906001100209999001700220952013400237210210b1993 xxu||||| |||| 00| 0 eng d a820.308 SAHA aSAHNI (Bhisham). aAnthology of hindi short stories. aN DbSahitya Akademic1993 avi,477 aHindi translation  aIndian English Fiction a048191 c97434d97434 001040708EnglishaALbALcEnglish Literatured2021-02-17g150.00l0o820.308 SAHAp048191r2021-02-17 00:00:00w2021-02-17yBK